SOCIOLOGY:IN A CHANGING WORLD (Record no. 6360)
[ view plain ]
| 000 -LEADER | |
|---|---|
| fixed length control field | 00285nam a22000977a 4500 |
| 005 - DATE AND TIME OF LATEST TRANSACTION | |
| control field | 20250901165606.0 |
| 008 - FIXED-LENGTH DATA ELEMENTS--GENERAL INFORMATION | |
| fixed length control field | 231215b |||||||| |||| 00| 0 eng d |
| 050 ## - LIBRARY OF CONGRESS CALL NUMBER | |
| Classification number | HM586 .K6 1997 |
| 245 ## - TITLE STATEMENT | |
| Title | SOCIOLOGY:IN A CHANGING WORLD |
| Statement of responsibility, etc. | Kornblum, William |
| 942 ## - ADDED ENTRY ELEMENTS (KOHA) | |
| Source of classification or shelving scheme | Library of Congress Classification |
| Classification part | HM586 .K6 1997 |
| Withdrawn status | Lost status | Source of classification or shelving scheme | Damaged status | Not for loan | Home library | Current library | Shelving location | Date acquired | Total checkouts | Full call number | Barcode | Date last seen | Price effective from | Koha item type |
|---|---|---|---|---|---|---|---|---|---|---|---|---|---|---|
| Library of Congress Classification | Main Library | Main Library | 12/15/2023 | HM586 .K6 1997 | PIU0002864 | 12/15/2023 | 12/15/2023 | Books |